[Event "EYCC 2017"]
[Site "Mamaia"]
[Date "2017.09.08"]
[Round "4"]
[White "Vrolijk, Liam"]
[Black "Chukavin, Kirill"]
[Result "1-0"]
[WhiteElo "2418"]
[BlackElo "2226"]
[Annotator "TA"]
[PlyCount "57"]
[EventDate "2017.??.??"]
[EventType "swiss"]
[EventCountry "ROU"]
[SourceTitle "playchess.com"]
[Source "ChessBase"]
[SourceQuality "1"]

{[%evp 24,57,19,16,45,10,2,22,18,-25,0,-27,-25,-42,-34,-23,-8,-9,-4,-26,25,25,96,34,572,550,862,843,722,599,29992,29993,29993,29994,29996,29997]} 1. Nf3 Nf6 2. c4 e6 3. g3 d5 4. Bg2 Be7 5. d4 O-O 6. O-O dxc4 7. Qc2 a6 8. a4 Bd7 {[%cal Bc8d7,Bd7c6,Bc6d5,Bd5c4][%mdl 32]} 9. Qxc4 Bc6 10. Bf4 a5 11. Nc3 Na6 12. Rac1 Rc8 {E05: Open Catalan: 5 Nf3 Be7} (12... Nb4 13. Ne5 Bxg2 14. Kxg2 c6 15. e4 Nd7 16. Nf3 Qb6 17. Rfd1 Rfd8 18. h4 h6 19. Qe2 Nf6 20. Rd2 {½-½ (88) Meier,G (2630)-Karjakin,S (2783) chess.com INT 2017}) 13. Rfe1 {LiveBook: 3 Games} Bd5 $146 ({Find the theoretical novelty and annotate with similar games:} 13... Nb4 14. e4 b6 15. Ne5 Bb7 16. Red1 Nd7 17. Nb5 Nxe5 18. dxe5 Qe8 19. Qe2 Bc5 20. Bg5 {1-0 (39) Ragger,M (2639)-Schroeder,J (2370) Warsaw 2014}) 14. Qd3 Nb4 {The position is equal.} 15. Qb1 c5 16. e4 Bc4 17. Rcd1 {[%cal Bc1d1,Bd1d4,Bd4h4][%mdl 32]} cxd4 18. Rxd4 Qb6 {[#] ...Bc5 is the strong threat.} 19. Be3 {Threatens to win with Rxc4!} Bc5 {aiming for ...Ng4.} 20. e5 Nfd5 $1 {[%cal Rd5e3]} 21. Rh4 {[%csl Gh4][%cal Rb1h7]} g6 ({Black should play} 21... Bd3 22. Nxd5 exd5 23. Bxc5 (23. Rxb4 Qa6 $17) 23... Qxc5) 22. Bxc5 $11 Rxc5 23. Qc1 $40 {[%mdl 128] White is up to no good.} (23. Ng5 $16) 23... f5 $2 {[%mdl 8192]} (23... f6 $1 $14) 24. Qh6 $18 {[%csl Gh4][%cal Rh6h7] [#]} ({Less strong is} 24. Nxd5 Bxd5 25. Qh6 Rf7 $16) 24... Rc7 25. Ng5 {[%cal Bf3g5,Bg5h7,Bh7g5][%mdl 32]} Nd3 26. Rf1 {[%cal Rg5h7]} Nxc3 27. Nxh7 {[%csl Gh7][%cal Rh6f8] White mates.} Ne2+ 28. Kh1 {[%csl Gh7][%cal Rh6f8]} Rg7 29. Ng5 {Precision: White = 57%, Black = 42%.} 1-0

[Event "EYCC 2017"]
[Site "Mamaia"]
[Date "2017.09.08"]
[Round "4"]
[White "Henderson de La Fuente, Lance"]
[Black "Ognean, Mihnea-Ionut"]
[Result "1-0"]
[WhiteElo "2408"]
[BlackElo "2166"]
[Annotator "NA"]
[PlyCount "83"]
[EventDate "2017.??.??"]
[EventType "swiss"]
[EventCountry "ROU"]
[SourceTitle "playchess.com"]
[Source "ChessBase"]
[SourceQuality "1"]
[TimeControl "40/5400+30:1800+30"]

1. e4 {[%emt 0:00:00]} c5 {[%emt 0:00:08]} 2. Nf3 {[%emt 0:00:35]} Nc6 {[%emt 0:00:05]} 3. d4 {[%emt 0:00:24]} cxd4 {[%emt 0:00:06]} 4. Nxd4 {[%emt 0:00:06]} Nf6 {[%emt 0:00:06]} 5. Nc3 {[%emt 0:00:17]} e5 {[%emt 0:00:31]} 6. Ndb5 {[%emt 0:00:14]} d6 {[%emt 0:00:07]} 7. Bg5 {[%emt 0:00:22]} a6 {[%emt 0:00:34]} 8. Na3 {[%emt 0:00:41]} b5 {[%emt 0:00:06]} 9. Nd5 {[%emt 0:00:13]} Be7 {[%emt 0:00:10]} 10. Bxf6 {[%emt 0:00:21]} Bxf6 {[%emt 0:00:06]} 11. c3 {[%emt 0:00:19]} Bg5 {[%emt 0:00:06]} 12. Nc2 {[%emt 0:00:08]} Rb8 {[%emt 0:00:04]} 13. a4 {[%emt 0:00:05]} bxa4 {[%emt 0:00:09]} 14. Ncb4 {[%emt 0:00:23]} Nxb4 {[%emt 0:00:11]} 15. cxb4 {[%emt 0:00:11]} Bd7 {[%emt 0:00:31]} 16. Bxa6 {[%emt 0:00:15]} O-O {[%emt 0:00:09]} 17. O-O {[%emt 0:01:27]} Kh8 {[%emt 0:00:59]} 18. Bc4 {[%emt 0:15:05]} f5 {[%emt 0:10:18]} 19. exf5 {[%emt 0:00:29]} Rxf5 {[%emt 0:00:40]} 20. Qd3 {[%emt 0:09:40]} Bh6 {[%emt 0:11:53]} 21. b5 {[%emt 0:02:43]} Qh4 {[%emt 0:08:18]} 22. Rxa4 {[%emt 0:03:40]} Rbf8 {[%emt 0:03:43]} 23. Bb3 {[%emt 0:11:02]} Bf4 {[%emt 0:10:09]} 24. h3 {[%emt 0:18:53]} Rg5 {[%emt 0:18:59]} 25. Kh1 {[%emt 0:00:24]} Qh6 {[%emt 0:06:23]} 26. Rfa1 {[%emt 0:06:57]} Bxh3 {[%emt 0:18:10]} 27. Qxh3 {[%emt 0:07:42]} Rh5 {[%emt 0:00:07]} 28. Nxf4 {[%emt 0:00:06]} exf4 {[%emt 0:00:39]} 29. Ra8 {[%emt 0:00:49]} Rxh3+ {[%emt 0:00:57]} 30. gxh3 {[%emt 0:00:01]} Qxh3+ {[%emt 0:01:53]} 31. Kg1 {[%emt 0:00:01]} Qg4+ {[%emt 0:01:57]} 32. Kf1 {[%emt 0:00:20]} Qh3+ {[%emt 0:00:17]} 33. Kg1 {[%emt 0:00:46]} Qg4+ {[%emt 0:02:20]} 34. Kf1 {[%emt 0:00:29]} Qh3+ {[%emt 0:00:25]} 35. Ke2 {[%emt 0:07:40]} f3+ {[%emt 0:00:38]} 36. Kd2 {[%emt 0:02:20]} Qh6+ {[%emt 0:00:22]} 37. Kd1 {[%emt 0:00:46]} g5 {[%emt 0:02:37]} 38. b6 {[%emt 0:00:41]} Qf6 {[%emt 0:03:08]} 39. Rxf8+ {[%emt 0:01:21]} Qxf8 {[%emt 0:00:05]} 40. b7 {[%emt 0:00:00]} Kg7 {[%emt 0:00:16]} 41. Ra8 {[%emt 0:00:15]} Qf5 {[%emt 0:00:44]} 42. b8=Q {[%emt 0:00:39]} 1-0

[Event "EYCC 2017"]
[Site "Mamaia"]
[Date "2017.09.08"]
[Round "4"]
[White "Haria, Ravi"]
[Black "Sevgi, Volkan"]
[Result "1/2-1/2"]
[WhiteElo "2398"]
[BlackElo "2240"]
[Annotator "NA"]
[PlyCount "126"]
[EventDate "2017.??.??"]
[EventType "swiss"]
[EventCountry "ROU"]
[SourceTitle "playchess.com"]
[Source "ChessBase"]
[SourceQuality "1"]
[TimeControl "40/5400+30:1800+30"]

1. Nf3 {[%emt 0:00:00]} Nf6 {[%emt 0:00:08]} 2. g3 {[%emt 0:00:00]} b6 {[%emt 0:00:02]} 3. Bg2 {[%emt 0:00:06]} Bb7 {[%emt 0:00:01]} 4. c4 {[%emt 0:00:15]} e6 {[%emt 0:00:05]} 5. O-O {[%emt 0:01:23]} Be7 {[%emt 0:00:05]} 6. b3 {[%emt 0:00:07]} O-O {[%emt 0:00:23]} 7. Bb2 {[%emt 0:00:06]} d5 {[%emt 0:00:13]} 8. e3 {[%emt 0:02:28]} c5 {[%emt 0:01:23]} 9. Qe2 {[%emt 0:08:33]} Nc6 {[%emt 0:01:24]} 10. d3 {[%emt 0:09:55]} Qc7 {[%emt 0:02:48]} 11. Nc3 {[%emt 0:00:08]} Rad8 {[%emt 0:03:51]} 12. Rad1 {[%emt 0:00:50]} a6 {[%emt 0:02:00]} 13. Ne1 {[%emt 0:20:45]} Rfe8 {[%emt 0:11:22]} 14. g4 {[%emt 0:02:26]} d4 {[%emt 0:01:04]} 15. Ne4 {[%emt 0:04:19]} Nxe4 {[%emt 0:02:01]} 16. Bxe4 {[%emt 0:00:18]} f5 {[%emt 0:01:12]} 17. Bg2 {[%emt 0:09:54]} Bd6 {[%emt 0:02:48]} 18. h3 {[%emt 0:00:37]} fxg4 {[%emt 0:10:09]} 19. Qxg4 {[%emt 0:04:13]} Ne5 {[%emt 0:00:32]} 20. Qh5 {[%emt 0:04:24]} Rf8 {[%emt 0:05:48]} 21. f4 {[%emt 0:09:38]} Ng6 {[%emt 0:01:00]} 22. f5 {[%emt 0:04:59]} dxe3 {[%emt 0:03:56]} 23. Bxb7 {[%emt 0:01:53]} Nf4 {[%emt 0:00:21]} 24. Rxf4 {[%emt 0:01:54]} Bxf4 {[%emt 0:00:09]} 25. Be4 {[%emt 0:01:35]} g6 {[%emt 0:02:22]} 26. Qe2 {[%emt 0:05:10]} gxf5 {[%emt 0:01:03]} 27. Qg2+ {[%emt 0:03:06]} Bg3 {[%emt 0:00:07]} 28. Bf3 {[%emt 0:01:54]} Kf7 {[%emt 0:00:12]} 29. Bh5+ {[%emt 0:01:13]} Ke7 {[%emt 0:00:07]} 30. Nf3 {[%emt 0:00:34]} Rg8 {[%emt 0:00:12]} 31. Kf1 {[%emt 0:00:06]} Bf4 {[%emt 0:01:08]} 32. Qh1 {[%emt 0:01:01]} Rg3 {[%emt 0:01:53]} 33. Bc3 {[%emt 0:00:19]} Rdg8 {[%emt 0:03:40]} 34. Be1 {[%emt 0:00:07]} R3g7 {[%emt 0:02:35]} 35. d4 {[%emt 0:00:24]} Bg3 {[%emt 0:01:36]} 36. d5 {[%emt 0:01:44]} Qf4 {[%emt 0:00:20]} 37. d6+ {[%emt 0:00:41]} Kd8 {[%emt 0:00:25]} 38. Bc3 {[%emt 0:01:07]} Qe4 {[%emt 0:02:49]} 39. Bf6+ {[%emt 0:00:27]} Kc8 {[%emt 0:00:08]} 40. Qg2 {[%emt 0:00:00]} Rd7 {[%emt 0:11:52]} 41. Be7 {[%emt 0:13:33]} Rg7 {[%emt 0:10:27]} 42. Ne1 {[%emt 0:03:10]} Qf4+ {[%emt 0:06:00]} 43. Ke2 {[%emt 0:01:20]} Kb8 {[%emt 0:08:42]} 44. Qf3 {[%emt 0:07:00]} Qe5 {[%emt 0:01:33]} 45. Qxe3 {[%emt 0:00:36]} Qb2+ {[%emt 0:00:49]} 46. Qd2 {[%emt 0:00:18]} Qe5+ {[%emt 0:00:08]} 47. Qe3 {[%emt 0:00:05]} Qb2+ {[%emt 0:00:03]} 48. Rd2 {[%emt 0:02:00]} Qb1 {[%emt 0:00:27]} 49. Ng2 {[%emt 0:03:17]} Bxd6 {[%emt 0:00:31]} 50. Bxd6+ {[%emt 0:00:36]} Rxd6 {[%emt 0:00:05]} 51. Bf3 {[%emt 0:01:35]} Rxd2+ {[%emt 0:02:01]} 52. Qxd2 {[%emt 0:00:10]} Kc7 {[%emt 0:01:20]} 53. Nf4 {[%emt 0:01:40]} Re7 {[%emt 0:00:02]} 54. Qc3 {[%emt 0:01:15]} Qg1 {[%emt 0:00:22]} 55. Qe5+ {[%emt 0:00:59]} Kd7 {[%emt 0:00:01]} 56. Qb8 {[%emt 0:00:14]} Qd4 {[%emt 0:01:33]} 57. Nd3 {[%emt 0:01:23]} e5 {[%emt 0:01:05]} 58. Qxb6 {[%emt 0:00:19]} e4 {[%emt 0:01:43]} 59. Nxc5+ {[%emt 0:00:19]} Kc8 {[%emt 0:00:02]} 60. Qxa6+ {[%emt 0:00:46]} Kc7 {[%emt 0:05:08]} 61. Ne6+ {[%emt 0:00:38]} Rxe6 {[%emt 0:00:05]} 62. Qxe6 {[%emt 0:00:01]} Qd3+ {[%emt 0:00:11]} 63. Ke1 {[%emt 0:00:19]} Qxf3 {[%emt 0:00:20]} 1/2-1/2

[Event "EYCC 2017"]
[Site "Mamaia"]
[Date "2017.09.08"]
[Round "4"]
[White "Tica, Sven"]
[Black "Akhvlediani, Irakli"]
[Result "1/2-1/2"]
[WhiteElo "2389"]
[BlackElo "2303"]
[Annotator "NA"]
[PlyCount "82"]
[EventDate "2017.??.??"]
[EventType "swiss"]
[EventCountry "ROU"]
[SourceTitle "playchess.com"]
[Source "ChessBase"]
[SourceQuality "1"]
[TimeControl "40/5400+30:1800+30"]

1. d4 {[%emt 0:00:00]} Nf6 {[%emt 0:00:06]} 2. g3 {[%emt 0:00:00]} g6 {[%emt 0:00:12]} 3. Bg2 {[%emt 0:00:00]} Bg7 {[%emt 0:00:04]} 4. Nf3 {[%emt 0:00:33]} O-O {[%emt 0:00:06]} 5. O-O {[%emt 0:00:24]} d6 {[%emt 0:00:04]} 6. b3 {[%emt 0:00:09]} c5 {[%emt 0:00:04]} 7. c4 {[%emt 0:00:07]} e5 {[%emt 0:00:54]} 8. dxe5 {[%emt 0:08:52]} dxe5 {[%emt 0:01:24]} 9. Bb2 {[%emt 0:01:15]} e4 {[%emt 0:01:22]} 10. Ng5 {[%emt 0:03:05]} Qe7 {[%emt 0:01:53]} 11. f3 {[%emt 0:10:56]} exf3 {[%emt 0:05:34]} 12. Nxf3 {[%emt 0:00:07]} Nc6 {[%emt 0:02:33]} 13. Nc3 {[%emt 0:01:19]} Rd8 {[%emt 0:07:33]} 14. Qc1 {[%emt 0:01:26]} Bf5 {[%emt 0:18:55]} 15. Nh4 {[%emt 0:25:45]} Bg4 {[%emt 0:02:54]} 16. Qf4 {[%emt 0:11:30]} Nd4 {[%emt 0:08:50]} 17. e4 {[%emt 0:08:11]} Be6 {[%emt 0:21:24]} 18. Rae1 {[%emt 0:05:51]} Nc2 {[%emt 0:10:35]} 19. Re2 {[%emt 0:00:21]} Nd4 {[%emt 0:01:56]} 20. Ree1 {[%emt 0:00:10]} Nc2 {[%emt 0:00:07]} 21. Re2 {[%emt 0:01:39]} Nh5 {[%emt 0:01:21]} 22. Qc1 {[%emt 0:00:55]} Bd4+ {[%emt 0:00:04]} 23. Kh1 {[%emt 0:00:47]} Nb4 {[%emt 0:00:07]} 24. Rd2 {[%emt 0:04:49]} Nc6 {[%emt 0:08:59]} 25. Nf3 {[%emt 0:05:28]} Qd7 {[%emt 0:04:39]} 26. Nxd4 {[%emt 0:01:37]} cxd4 {[%emt 0:00:58]} 27. Nb5 {[%emt 0:00:40]} Bh3 {[%emt 0:00:34]} 28. Nxd4 {[%emt 0:01:50]} Bxg2+ {[%emt 0:00:03]} 29. Kxg2 {[%emt 0:00:11]} Qg4 {[%emt 0:00:17]} 30. Qe1 {[%emt 0:02:47]} Nxd4 {[%emt 0:01:11]} 31. Bxd4 {[%emt 0:00:06]} Re8 {[%emt 0:00:13]} 32. e5 {[%emt 0:01:05]} Rad8 {[%emt 0:00:22]} 33. Bxa7 {[%emt 0:01:23]} Rxd2+ {[%emt 0:00:05]} 34. Qxd2 {[%emt 0:00:06]} Qe4+ {[%emt 0:01:00]} 35. Rf3 {[%emt 0:00:20]} Rxe5 {[%emt 0:00:37]} 36. Qd8+ {[%emt 0:01:05]} Kg7 {[%emt 0:00:39]} 37. Bd4 {[%emt 0:00:32]} Qe2+ {[%emt 0:00:04]} 38. Rf2 {[%emt 0:00:04]} Nf4+ {[%emt 0:00:05]} 39. gxf4 {[%emt 0:01:15]} Qg4+ {[%emt 0:00:03]} 40. Kf1 {[%emt 0:00:00]} Qd1+ {[%emt 0:00:03]} 41. Kg2 {[%emt 0:00:22]} Qg4+ {[%emt 0:00:05]} 1/2-1/2

[Event "EYCC 2017"]
[Site "Mamaia"]
[Date "2017.09.08"]
[Round "4"]
[White "Kharitonov, Egor"]
[Black "Valtemara, Mattia Angelo"]
[Result "1-0"]
[WhiteElo "2387"]
[BlackElo "1910"]
[Annotator "NA"]
[PlyCount "107"]
[EventDate "2017.??.??"]
[EventType "swiss"]
[EventCountry "ROU"]
[SourceTitle "playchess.com"]
[Source "ChessBase"]
[SourceQuality "1"]
[TimeControl "40/5400+30:1800+30"]

1. d4 {[%emt 0:00:00]} d5 {[%emt 0:00:17]} 2. c4 {[%emt 0:00:00]} c6 {[%emt 0:00:17]} 3. Nf3 {[%emt 0:00:00]} Nf6 {[%emt 0:00:22]} 4. Qc2 {[%emt 0:00:00]} g6 {[%emt 0:05:10]} 5. Bf4 {[%emt 0:00:28]} Bf5 {[%emt 0:03:07]} 6. Qc1 {[%emt 0:01:30]} Bg7 {[%emt 0:02:04]} 7. e3 {[%emt 0:00:44]} Nbd7 {[%emt 0:02:20]} 8. Nc3 {[%emt 0:00:23]} O-O {[%emt 0:03:40]} 9. h3 {[%emt 0:03:03]} h5 {[%emt 0:04:30]} 10. Be2 {[%emt 0:00:13]} dxc4 {[%emt 0:07:31]} 11. Bxc4 {[%emt 0:02:17]} c5 {[%emt 0:02:08]} 12. O-O {[%emt 0:02:41]} Nb6 {[%emt 0:04:41]} 13. Bb3 {[%emt 0:03:41]} cxd4 {[%emt 0:05:05]} 14. Nxd4 {[%emt 0:00:49]} Qc8 {[%emt 0:02:17]} 15. Nxf5 {[%emt 0:04:45]} Qxf5 {[%emt 0:00:48]} 16. Rd1 {[%emt 0:01:40]} e5 {[%emt 0:05:25]} 17. Bg3 {[%emt 0:05:16]} Rfd8 {[%emt 0:03:48]} 18. Rd2 {[%emt 0:07:29]} Rac8 {[%emt 0:06:19]} 19. Qd1 {[%emt 0:02:00]} Rxd2 {[%emt 0:01:08]} 20. Qxd2 {[%emt 0:00:08]} Ne4 {[%emt 0:01:32]} 21. Nxe4 {[%emt 0:00:36]} Qxe4 {[%emt 0:00:34]} 22. Rd1 {[%emt 0:07:16]} Qc6 {[%emt 0:02:39]} 23. Qa5 {[%emt 0:06:06]} Qc7 {[%emt 0:05:23]} 24. e4 {[%emt 0:15:52]} Bf6 {[%emt 0:05:24]} 25. h4 {[%emt 0:02:37]} Kg7 {[%emt 0:01:35]} 26. Rd3 {[%emt 0:01:13]} Nc4 {[%emt 0:11:34]} 27. Qxa7 {[%emt 0:08:58]} Nxb2 {[%emt 0:00:34]} 28. Rf3 {[%emt 0:04:20]} b5 {[%emt 0:04:31]} 29. Qa6 {[%emt 0:02:15]} Qc6 {[%emt 0:01:05]} 30. Qa3 {[%emt 0:07:36]} Nc4 {[%emt 0:02:01]} 31. Qb4 {[%emt 0:00:43]} Nd6 {[%emt 0:03:19]} 32. Bd5 {[%emt 0:00:19]} Qc5 {[%emt 0:00:37]} 33. Qa5 {[%emt 0:05:12]} Qc7 {[%emt 0:02:10]} 34. Qa6 {[%emt 0:00:36]} Qc5 {[%emt 0:01:06]} 35. Kh2 {[%emt 0:01:46]} Qc7 {[%emt 0:00:43]} 36. Bxf7 {[%emt 0:01:28]} Qc6 {[%emt 0:01:30]} 37. Qxc6 {[%emt 0:00:22]} Rxc6 {[%emt 0:00:01]} 38. Bd5 {[%emt 0:00:09]} Ra6 {[%emt 0:00:50]} 39. Rc3 {[%emt 0:01:08]} Nc4 {[%emt 0:00:59]} 40. Rb3 {[%emt 0:00:00]} Ra5 {[%emt 0:00:49]} 41. f3 {[%emt 0:02:18]} Nd2 {[%emt 0:05:26]} 42. Rc3 {[%emt 0:00:40]} Nc4 {[%emt 0:00:25]} 43. Rc2 {[%emt 0:00:15]} Kh6 {[%emt 0:04:15]} 44. Bf2 {[%emt 0:07:49]} Be7 {[%emt 0:02:37]} 45. Kg3 {[%emt 0:01:17]} g5 {[%emt 0:01:04]} 46. Kh3 {[%emt 0:01:53]} Ra6 {[%emt 0:02:26]} 47. Bb7 {[%emt 0:08:00]} Ra4 {[%emt 0:04:09]} 48. Bc6 {[%emt 0:00:49]} Rb4 {[%emt 0:02:38]} 49. Bxb5 {[%emt 0:02:41]} Rxb5 {[%emt 0:00:10]} 50. Rxc4 {[%emt 0:00:05]} Rb2 {[%emt 0:00:53]} 51. Be3 {[%emt 0:00:09]} Rxa2 {[%emt 0:01:11]} 52. Rc6+ {[%emt 0:00:12]} Kg7 {[%emt 0:00:31]} 53. Bxg5 {[%emt 0:00:07]} Bxg5 {[%emt 0:03:26]} 54. hxg5 {[%emt 0:00:08]} 1-0

[Event "EYCC 2017"]
[Site "Mamaia"]
[Date "2017.09.08"]
[Round "4"]
[White "O`Donnell, Conor"]
[Black "Martirosyan, Haik M"]
[Result "0-1"]
[WhiteElo "2383"]
[BlackElo "2570"]
[Annotator "TA"]
[PlyCount "114"]
[EventDate "2017.??.??"]
[EventType "swiss"]
[EventCountry "ROU"]
[SourceTitle "playchess.com"]
[Source "ChessBase"]
[SourceQuality "1"]

{[%evp 20,113,77,82,86,69,67,55,62,61,66,62,83,81,93,49,71,36,35,12,62,62,62,54,58,-26,7,0,0,7,8,-16,0,0,35,-14,15,33,20,29,31,23,76,30,40,-15,-13,-15,-15,-15,-15,-10,-10,-17,-21,-54,-36,-74,-74,-83,0,0,0,0,0,0,0,0,0,0,0,-5,-22,-12,-13,-801,-797,-704,-708,-677,-211,-330,-330,-330,-329,-983,-966,-6275,-5414,-29996,-29997,-29997,-29998,-29998,-29999,-29999]} 1. d4 Nf6 2. c4 d6 3. Nf3 Nbd7 4. Nc3 e5 5. e4 Be7 6. Be2 O-O 7. O-O c6 8. Be3 Ng4 9. Bd2 {A55: Old Indian Defence with Nf3 and e4} Qe8 10. d5 Bd8 11. b4 {LiveBook: 5 Games. White is better.} Qe7 $146 ({Find the theoretical novelty and annotate with similar games:} 11... Ngf6 12. Rb1 cxd5 13. cxd5 Nb6 14. h3 Bd7 15. Bd3 Rc8 16. Qe2 Na4 {½-½ (44) Goganov,A (2497)-Khismatullin,D (2664) Moscow 2012}) 12. Ne1 Ngf6 13. Be3 Bb6 14. Nc2 Rd8 15. Qd2 Nf8 16. Rfd1 Ng6 17. Rac1 h6 18. c5 dxc5 19. d6 Qe8 20. bxc5 Ba5 {[#] Hoping for ...Nxe4!} 21. f3 b6 22. a4 ({Better is} 22. Rb1 $14) 22... Be6 23. Rb1 {[%cal Rc5b6]} Nd7 24. cxb6 axb6 25. Na3 Nf4 {And now ...Bxc3 would win.} 26. Bf1 $1 Rdb8 27. g3 Ng6 28. Nc4 Bxc4 29. Bxc4 Ngf8 30. Qc2 Ne6 (30... Bxc3 $11 {remains equal.} 31. Qxc3 c5) 31. Na2 Rd8 32. Nb4 (32. Nc1 $14) 32... Bxb4 $1 $11 33. Rxb4 c5 $1 {[%cal Rc5b4]} 34. Rb5 Nd4 35. Bxd4 cxd4 36. f4 Rac8 37. Rf1 Kh8 38. Qa2 exf4 39. Rxf4 {[#]} Ne5 (39... f6 $1 $17 {Threatens to win with ...Ne5.} 40. Bd5 Ne5 41. Rxb6 d3) 40. Bxf7 Rc1+ 41. Kg2 Qc6 42. Qd5 Qc2+ 43. Rf2 Qd1 $1 44. Qxe5 Qg1+ 45. Kh3 Qxf2 46. Qe7 Qf6 47. e5 $2 {[%mdl 8192]} (47. Rd5 $11) 47... Qf5+ $19 48. Kh4 Rg8 49. Qe6 Qg5+ $40 {[%mdl 128] Black goes for the king.} (49... Qf2 $142 50. Bxg8 Qxh2+ 51. Qh3 Qe2) 50. Kh3 {Black must now prevent d7.} d3 {Strongly threatening ...d2!} 51. Rd5 {aiming for d7.} (51. Bxg8 $2 {is a self mate.} Qh5+ 52. Kg2 Rc2+ 53. Kh1 Qxh2#) 51... d2 52. Rxd2 $2 (52. Qg4 Qxg4+ 53. Kxg4 d1=Q+ 54. Rxd1 Rxd1 55. e6) 52... Qxd2 53. Bxg8 {KQR-KQB} Rh1 {( -> ...Qe2)} 54. Bf7 Qxh2+ {Black mates.} 55. Kg4 Qe2+ 56. Kf5 Qf3+ 57. Kg6 Qh5# {Precision: White = 34%, Black = 62%.} 0-1

[Event "EYCC 2017"]
[Site "Mamaia"]
[Date "2017.09.08"]
[Round "4"]
[White "Sawlin, Leonid"]
[Black "Plenca, Jadranko"]
[Result "0-1"]
[WhiteElo "2364"]
[BlackElo "2440"]
[Annotator "TA"]
[PlyCount "68"]
[EventDate "2017.??.??"]
[EventType "swiss"]
[EventCountry "ROU"]
[SourceTitle "playchess.com"]
[Source "ChessBase"]
[SourceQuality "1"]

{[%evp 10,68,4,8,25,26,17,29,53,58,86,36,40,43,36,33,48,21,31,23,15,-11,-41,-44,-24,-35,-31,-74,-40,-53,-37,-185,-40,-27,-43,-42,-46,-188,-185,-195,-212,-179,-196,-206,-182,-294,-238,-476,-446,-947,-751,-29969,-2582,-2233,-1943,-29990,-29991,-29991,-29991,-29997,-4810]} 1. e4 e5 2. Bc4 Nc6 3. d3 Nf6 4. Nc3 Na5 5. Qf3 Nxc4 (5... d6 6. Nge2 Be7 7. h3 O-O 8. O-O Be6 9. b3 Qd7 10. a4 Rad8 11. Ba3 Ne8 12. Qe3 a6 13. f4 Nxc4 14. bxc4 exf4 15. Nxf4 {½-½ (45) Rublevsky,S (2681)-Jakovenko,D (2704) Khanty-Mansiysk 2016}) 6. dxc4 {LiveBook: 61 Games. C28: Vienna Game: 2...Nf6 3 Bc4 Nc6} h6 7. Nge2 d6 8. O-O $146 {The position is equal.} ({Predecessor:} 8. h3 Be6 9. b3 c6 10. O-O Be7 11. Rd1 Qc7 12. a4 g5 13. Qe3 g4 14. h4 a6 15. Ba3 O-O-O 16. Rd3 h5 {½-½ (16) Bennett,H (2348)-Gibbons,R (2361) ICCF email 2009}) 8... g5 9. Ng3 Rg8 10. b3 Bg4 11. Qd3 h5 12. f3 Bd7 13. Nd5 h4 14. Nxf6+ (14. Nf5 {is more complex.} Nh5 15. Nde3 Nf4 16. Qd2 Qf6 17. Bb2) 14... Qxf6 15. Ne2 Qg6 16. Nc3 O-O-O 17. a4 f5 18. Qe3 Kb8 19. Nb5 b6 20. a5 (20. Qe2 $15) 20... Bxb5 (20... f4 $19 21. Qe2 h3 22. axb6 cxb6) 21. axb6 cxb6 22. cxb5 d5 {aiming for ...Bc5.} 23. Ba3 ({Better is} 23. Bb2 $15 d4 24. Qd3) 23... Bxa3 (23... dxe4 24. fxe4 f4 25. Qc3 $17) (23... fxe4 24. Bxf8 Rgxf8 25. fxe4 $15) 24. Rxa3 {With the idea exd5.} dxe4 ({Much less strong is} 24... fxe4 25. fxe4 d4 26. Qf3 $15) 25. fxe4 f4 ({And not} 25... fxe4 26. Ra4 $11) 26. Qc3 {Strongly threatening Rxa7!} Qd6 $1 {[%cal Rd6a3]} ({Resist} 26... Qxe4 27. Re1 $17) 27. Ra4 (27. Rfa1 {is a better defense.} Rg7 28. b4) 27... g4 $19 28. Rfa1 $2 (28. Raa1) 28... Rg7 29. Rc4 (29. Qc6 $142 Qxc6 30. bxc6) 29... g3 {...h3! is the strong threat.} 30. Rf1 {[#]} gxh2+ (30... h3 $142 $1 {[%mdl 512]} 31. gxh3 gxh2+ 32. Kxh2 Rg3 33. Rf2 Rxc3 34. Rxc3 Qd1 35. Rcf3 Rg8 36. Rg2 Rxg2+ 37. Kxg2 Qxc2+ 38. Rf2 Qxe4+ 39. Kh2 Qd3 40. Kg1 Qxh3 41. Rh2 Qe3+ 42. Kf1 Qd3+ 43. Kg1 f3 44. Rh8+ Kc7 45. Rh2 Qd1+ 46. Kf2 Qd2+ 47. Kg3 Qf4+ 48. Kh3 f2 49. Rh1 f1=Q+ 50. Rxf1 Qxf1+ 51. Kg4 Qg2+ 52. Kf5 e4 53. Kf4 Kd6 54. Kf5 e3 55. b4 e2 56. Kf4 e1=Q 57. Kf5 Qef2#) 31. Kxh2 Rg3 32. Qa1 {[#]} h3 $1 {[%cal Bh4h3,Bh3g2][%mdl 544] Black mates.} 33. Rc6 {[#]} (33. gxh3 Qd2+) 33... hxg2 $1 {[%mdl 512]} 34. Rxd6 {[#]} Rh8+ {Precision: White = 27%, Black = 53%.} (34... g1=B+ $142 $1 {[%mdl 512]} 35. Rxg1 Rh8+ 36. Rh6 Rxh6#) 0-1